| 000 | 00479nam a2200157 i 4500 | ||
|---|---|---|---|
| 001 | 97465 | ||
| 003 | ES-MaACL | ||
| 007 | t| | ||
| 008 | 050712s1974 sp ||||1| spa d | ||
| 100 | 1 |
_aMarcos Alonso, Jesús A. _976519 |
|
| 245 | 1 | 4 |
_aLos ingenieros entre el pasado y el futuro _b: (un estudio sociológico...) / _cJesús A. Marcos Alonso. |
| 250 | _a[1ª ed.]. | ||
| 260 |
_aBarcelona : _bLaia, _c1974. |
||
| 300 |
_a467 p. ; _c21 cm. |
||
| 852 |
_aES-MaACL _jE-9520 _bR.93915 |
||
| 999 |
_c97465 _d97465 |
||